Diseño de un sistema para la gestión del conocimiento de los nuevos productos de una industria de dispositivos médicos
Guardado en:
| Hovedforfatter: | |
|---|---|
| Andre forfattere: | |
| Format: | Bog |
| Udgivet: |
[San José, Costa Rica]
2009
|
| Fag: | |
| Tags: |
Tilføj Tag
Ingen Tags, Vær først til at tagge denne postø!
|
MARC
| LEADER | 00000nam a2200000Ia 4500 | ||
|---|---|---|---|
| 003 | 001503 | ||
| 005 | 20221231144043.0 | ||
| 008 | 140114s2009 cr a 000 ||s d | ||
| 040 | |c cru CEDI | ||
| 090 | |a TFG 6019 | ||
| 100 | |a Mezerville Picado, André de |9 3444 | ||
| 245 | |a Diseño de un sistema para la gestión del conocimiento de los nuevos productos de una industria de dispositivos médicos | ||
| 260 | |c 2009 |b [San José, Costa Rica] | ||
| 300 | |a 2 volúmenes; ilustraciones a color | ||
| 500 | |a Tesis (licenciatura en ingeniería industrial)--Universidad de Costa Rica. Facultad de Ingeniería. Escuela de Ingeniería Industrial | ||
| 650 | |x MEDICINA |x APARATOS E INSTRUMENTOS |x ADMINISTRACION |x ORGANIZACION |9 3446 | ||
| 700 | |9 3445 |a Moser Meza, Stefan | ||
| 942 | |c TFG | ||
| 999 | |c 16209 |d 16209 | ||
